000 03505cam a22004574i 4500
003 PE-LiUPU
005 20250731165418.0
008 151210s2010 pe a grm 000 0 spa d
035 _a(Sirsi) a155470
040 _aPE-LiUPU
_bspa
_cPE-LiUPU
_erda
082 0 4 _a268.86732984
_bA59 T3
099 _aTT 3
_bA59 2010
100 1 _aAntonio Chávez, Rene Samuel
_eautor
245 1 3 _aUn estudio histórico sobre el aporte de la educación adventista en la vida del indígena Aymara de Rosario 1920-1930 /
_cRene Samuel Antonio Chávez.
264 0 _c2010
300 _a229 hojas :
_bilustraciones;
_c28.5 cm
336 _atext
_2rdacontent
337 _aunmediated
_2rdamedia
338 _avolume
_2rdacarrier
502 _aTesis
_b(Mg.) --
_cUniversidad Peruana Unión,
_d2010.
504 _aIncluye referencias
520 3 _aEste trabajo es de carácter histórico-documental. La investigación es un estudio basado principalmente en fuentes primarias inéditas, publicadas y orales desde 1920 hasta 1930. Asimismo se realiza una valoración e interpretación crítica de lo acontecido en el altiplano de Rosario. El investigador se propone: primero, a través de lo examinado, identificar el aporte social, físico, mental y espiritual de la educación adventista en la vida de la indígena del altiplano de Bolivia. Segundo, la relevancia de la educación cristiana enseñada y practicad en sus orígenes. Marcos Chuquimia, en su obra Breve reseña histórica de la Iglesia Adventista de Bolivia en Rosario, realiza una descripción de lo que oyó y vio en Rosario. Sólo menciona cómo ocurrieron los acontecimientos y trata de hacerlo en forma cronológica. La producción de Niels Wensell Semblanzas de un misionero es la descripción de la experiencia vivida por él. Wensell principalmente identifica algunas dificultades que enfrentó en el territorio rosarino debido a que él no pudo adaptarse al hábitat de Rosario. La tesis de maestría Miguel Salomón "Una reseña histórica del Colegio Adventista de Bolivia y su aporte a la Iglesia Adventista de Bolivia" e "Historia de la Universidad Adventista de Bolivia" centran su estudio en Collana y su repercusión en la Universidad Adventista de Bolivia en el periodo de 1929 al año 2000. Sin embargo, como parte del contexto menciona la experiencia vivida en Rosario. Posteriormente en su tesis doctoral "Estudio Histórico de los factores que incidieron en el desarrollo de la Iglesia Adventista del Séptimo Día en Bolivia (1907 - 1977), Educación -Obra médica-Publicaciones Evangelización-Finanzas" analiza, evalúa y describe la labor educativa adventista de Rosario a favor del desarrollo de la IASD. Finalmente, el artículo que publicó "La educación cristiana, factor determinante para el establecimiento del adventismo en Bolivia" es un reconocimiento y destaque a la labor educativa desarrollada en Rosario en favor de la iglesia adventista.
526 _aSEG44
526 _aSEG26
526 _aP151
526 _aP150
526 _aP149
526 _aP146
526 _aP145
526 _aP126
526 _aP125
526 _aP92
526 _aP75
526 _aP74
526 _aP27
526 _aP15
650 0 4 _aEducación adventista
_xHistoria
_zRosario (Pueblo de Bolivia)
_vTesis.
596 _a1
942 _2ddc
_cTESIS
999 _aTT 3 A59 2010
_wALPHANUM
_c8149
_iT01166
_lCCODEBUL3
_mBUL
_r1
_sY
_tTESIS
_u2015-12-10
_xPOSGRADO
_PP85
_o.STAFF. Tesis
_d8149
980 _81
_gALBERTO SANCHEZ Responsable de Automatización